Normal view
MARC view
- Arthur, Michael B.
Entry Personal Name
001 - CONTROL NUMBER
- control field: 4039
003 - CONTROL NUMBER IDENTIFIER
- control field: NUST
005 - DATE AND TIME OF LATEST TRANSACTION
- control field: 20170823141714.0
008 - FIXED-LENGTH DATA ELEMENTS
- fixed length control field: 170823|| aca||aabn | a|a d
040 ## - CATALOGING SOURCE
- Original cataloging agency: NUST
- Transcribing agency: NUST
100 ## - HEADING--PERSONAL NAME
- Personal name: Arthur, Michael B.
- Fuller form of name: (Michael Bernard),
- Dates associated with a name: 1945-
670 ## - SOURCE DATA FOUND
- Source citation: Work cat.: (NUST)0: Handbook of career theory /, 1989.
